000 00565nam a2200205Ia 4500
005 20250508163538.0
008 008 250505s9999 xx 000 0 hin d
020 _a81-7315-206-3
037 _aTextual
040 _aFEDL
_beng
_cFEDL
041 _ahin
_2eng
084 _a491.43, BHA
_qFEDL
100 _aBhatia Kailash Chandra
245 0 _aHindi ki manak vartani
260 _aNew Delhi, India
_bPrabhat Prakashan
_c1997
300 _a144p
700 _a Bhatia Rachna
_9775606
942 _cTEXL
_h491.43, BHA
999 _c1383995
_d1383995